El Poder de los Gentiles : arte Rupestre en el Río Salado (Desierto de Atacama) /

La precordillera del desierto de Atacama, en especial aquella abrupta franja por la que escurren las aguas que alimentan al río Loa, el único que en esta región alcanza el mar, presenta un paisaje que impresiona por su aridez. Mirado desde el aire, parece un manto rocoso y áspero surcado por profund...

Full description

Bibliographic Details
Main Author: Seelenfreund, Andrea
Format: Revista
Language:Spanish
Published: Santiago, Chile Universidad de Chile 1995-96
Subjects:
Online Access:

MARC

LEADER 00000cas a2200000 a 4500
001 039654
003 UAHC_CL
005 20171125123026.0
008 140120s1989 cl 000 spa
952 |0 0  |1 0  |4 0  |6 REV___CHIL__ANTROPOL_13_9596  |7 0  |8 COMP  |9 75267  |a BC  |b BC  |c COMP  |d 2017-08-03  |l 0  |o REV. CHIL. ANTROPOL.-13/95-96  |r 2017-08-03 00:00:00  |t 1  |w 2017-08-03  |y REV 
999 |c 39654  |d 39654 
022 |a 07163312 
040 |a UAHC_CL  |c UAHC_CL  |d UAHC_CL 
100 1 |a Seelenfreund, Andrea 
245 1 3 |a El Poder de los Gentiles :  |b arte Rupestre en el Río Salado (Desierto de Atacama) /  |c Victoria Castro, Francisco Gallardo. 
260 |b Universidad de Chile  |c 1995-96  |a Santiago, Chile 
300 |a pp. 79-98 
500 |a En: Revista chilena de antropología. no. 13, 1995-96 pp. 79-98. ISSN: 0716 3312. 
520 |a La precordillera del desierto de Atacama, en especial aquella abrupta franja por la que escurren las aguas que alimentan al río Loa, el único que en esta región alcanza el mar, presenta un paisaje que impresiona por su aridez. Mirado desde el aire, parece un manto rocoso y áspero surcado por profundas quebradas que bajan desde las altas cumbres de Los Andes en dirección a la planicie desértica. 
650 4 |a ARTE RUPESTRE  |z CHILE 
650 4 |a PREHISTORIA  |z CHILE  |x NORTE GRANDE 
900 |a REV. CHIL. ANTROPOL.-13/95-96 
942 |c REV  |2 ddc